[Event "Landesliga Nord 9899"]
[Site "Bayern"]
[Date "1999.??.??"]
[Round "?"]
[White "Wiemer, Peter"]
[Black "Kirbach, Thomas"]
[Result "1/2-1/2"]
[WhiteElo "2170"]
[BlackElo "1940"]

1.e4 g6 2.d4 Bg7 3.Nc3 d6 4.Nf3 Nf6 5.Bf4 Nh5 6.Be3 O-O 7.Be2 c6 8.h3 e5
9.Qd2 Nd7 10.g4 Nhf6 11.O-O-O Qa5 12.dxe5 dxe5 13.Kb1 b5 14.Nd5 Qxd2 15.Nxf6+ Nxf6
16.Nxd2 Be6 17.f3 Nd7 18.Nb3 a5 19.Rd6 a4 20.Nc5 Nxc5 21.Bxc5 Rfc8 22.Rd2 Bh6
23.Rdd1 Rd8 24.Bb6 Rxd1+ 25.Rxd1 Kf8 26.a3 Ke8 27.Bc7 f6 28.Rd6 Bd7 29.c4 Rc8
30.Bb6 Rb8 31.Bc7 Rb7 32.Ba5 Bf8 33.Rd2 bxc4 34.Kc2 Rb3 35.Bc3 Be6 36.Bd1 Rb8  1/2-1/2

[Event "Landesliga Sued 9899"]
[Site "Bayern"]
[Date "1999.??.??"]
[Round "?"]
[White "Achatz, Georg"]
[Black "Trassl, Franz"]
[Result "0-1"]
[WhiteElo "1995"]
[BlackElo "2065"]

1.d4 g6 2.e4 Bg7 3.Nc3 d6 4.Be3 Nf6 5.Be2 a6 6.a4 O-O 7.h4 h5 8.f3 Nc6 9.g4 e5
10.d5 Nd4 11.g5 Nd7 12.Nh3 Nc5 13.b4 Nd7 14.O-O f5 15.gxf6 Nxf6 16.Ng5 Nh7
17.Rf2 Qf6 18.Nxh7 Kxh7 19.Bg5 Qf7 20.Kg2 Bd7 21.Qd2 Bf6 22.Raf1 Bxg5 23.hxg5 Qe7
24.f4 Nxe2 25.Nxe2 exf4 26.Rxf4 Qxg5+ 27.Kh1 Qe7 28.a5 Bb5 29.Rxf8 Rxf8 30.Rxf8 Qxf8
31.Nf4 Bd7 32.Kg2 Qe7 33.Kf3 Bg4+ 34.Ke3 g5 35.Nd3 Qf6 36.c4 h4 37.c5 Bd7
38.cxd6 cxd6 39.Qc1 Bb5 40.Qc7+ Kh6 41.e5 Qf1 42.Qxd6+ Kh5 43.Kd4 Qxd3+ 44.Kc5 Qe3+  0-1

[Event "Landesliga Sued 9899"]
[Site "Bayern"]
[Date "1999.??.??"]
[Round "?"]
[White "Keller, Markus"]
[Black "Ruether, Rudolf"]
[Result "1/2-1/2"]
[WhiteElo "2010"]
[BlackElo "2110"]

1.d4 g6 2.e4 Bg7 3.Nc3 d6 4.Be2 Nf6 5.h4 h5 6.Nh3 c5 7.dxc5 Qa5 8.Ng5 Qxc5
9.Be3 Qa5 10.Bc4 O-O 11.Qd2 Nc6 12.O-O a6 13.a4 Bd7 14.Bb3 Rac8 15.Rfd1 Qc7
16.Ne2 Na5 17.Ba2 Qxc2 18.Qxa5 Qxe2 19.Rd2 Qg4 20.Qb4 Bc6 21.f3 Qxh4 22.g3 Qxg3+
23.Rg2 Qh4 24.Rh2 Qg3+ 25.Rg2  1/2-1/2

[Event "Berlin"]
[Site "Berlin"]
[Date "1999.??.??"]
[Round "2"]
[White "Glienke, Manfred"]
[Black "Muse, Mladen"]
[Result "1/2-1/2"]
[WhiteElo "2385"]
[BlackElo "2470"]

1.e4 g6 2.d4 Bg7 3.Nc3 d6 4.Be3 a6 5.Qd2 Nd7 6.f3 b5 7.Rd1 Bb7 8.Nh3 c6 9.Be2 Qc7
10.O-O Ngf6 11.Nf2 O-O 12.Bh6 c5 13.d5 Nb6 14.Ng4 Nxg4 15.Bxg7 Kxg7 16.fxg4 Rae8
17.Rf3 f6 18.Rdf1 h6 19.h4 Nd7 20.g5 hxg5 21.hxg5 Ne5 22.Rg3 Bc8 23.Nd1 f5
24.exf5 Rxf5 25.Ne3 Rxf1+ 26.Nxf1 c4 27.Qd4 Qc5 28.Qxc5 dxc5 29.b3 cxb3 30.axb3 Bf5
31.Rc3 Nd7 32.Ng3 e5 33.dxe6 Bxe6 34.Bf3 c4 35.b4 Bf7 36.Kf2 Nb6 37.Ra3 Na4
38.Re3 Rd8 39.Ne4 Kf8 40.Re1 c3 41.Rd1 Rxd1 42.Bxd1 Ke7 43.Ke3 Nb2 44.Bf3 a5
45.bxa5 Nc4+ 46.Kd4 Nxa5 47.Nxc3 Be8 48.Nd5+ Kd6 49.Nf6 Nc6+ 50.Ke3 Bf7 51.Bxc6 Kxc6
52.Kd4 b4 53.Ng4 Be6 54.Ne5+ Kd6 55.Nd3 b3 56.c4 Bf5 57.Nb2 Bc2 58.g4 Kc6
59.Kc3 Kc5 60.Na4+ Kc6 61.Nb2 Kc5 62.Na4+ Kc6 63.Nb2  1/2-1/2

[Event "Bled opB"]
[Site "Bled"]
[Date "1999.??.??"]
[Round "?"]
[White "Krivec, Jana"]
[Black "Medak, Bojan"]
[Result "1/2-1/2"]
[WhiteElo "2161"]
[BlackElo "2163"]

1.e4 g6 2.d4 Bg7 3.Nc3 d6 4.Be3 a6 5.Qd2 b5 6.f3 Nd7 7.a4 b4 8.Nd1 a5 9.c3 bxc3
10.Nxc3 Ngf6 11.Bh6 Bxh6 12.Qxh6 c6 13.Bc4 Qb6 14.Nge2 Qb4 15.Bd3 e5 16.Qe3 exd4
17.Qxd4 Qxb2 18.Rb1 Qa3 19.O-O O-O 20.f4 Qc5 21.Bc4 Re8 22.e5 Ng4 23.Ne4 Qxd4+
24.Nxd4 dxe5 25.Nd6 Rf8 26.Nxc6 Ne3 27.Ne7+ Kg7 28.Rfc1 Ba6 29.Bb5 Kf6 30.Bxd7 Kxe7
31.Bc6 Rab8 32.fxe5 Ng4 33.Nb7 Nxe5 34.Nxa5 Rxb1 35.Rxb1 Rc8 36.Bb5 Ra8 37.Nc6+ Nxc6
38.Bxc6 Ra7 39.Kf2 Kd6 40.Bf3 Bc4 41.Rc1 Rxa4 42.Rd1+ Ke7 43.Bc6 Ra2+ 44.Kg3 Be6
45.Bf3 Ra3 46.Rd4 Rc3 47.h3 h5 48.Kh2 Kf6 49.Rb4 Kg5 50.Kg3 Kh6 51.Rb5 g5
52.Kh2 h4 53.Rb4 Kg6 54.Ra4 Kf6 55.Rd4 Ke5 56.Re4+ Kf5 57.Rd4 Bc4 58.Kg1 Be6
59.Kh2 Rc4 60.Rxc4 Bxc4 61.Kg1 Be6 62.Kf2 Kf4 63.Be2 Bd5  1/2-1/2

[Event "Radulescu Memorial"]
[Site "Calimanesti"]
[Date "1999.??.??"]
[Round "7"]
[White "Sofronie, Iulian"]
[Black "Ardeleanu, Alin"]
[Result "1-0"]
[WhiteElo "2436"]
[BlackElo "2420"]

1.e4 g6 2.d4 Bg7 3.Nc3 d6 4.g3 Nf6 5.Bg2 O-O 6.Nge2 Na6 7.h3 c5 8.Be3 cxd4
9.Bxd4 Nb4 10.O-O a6 11.a4 Bd7 12.a5 Qc8 13.Kh2 Bc6 14.Qd2 Re8 15.Rfc1 e5
16.Be3 Qe6 17.Rd1 Bd7 18.Ra3 Rac8 19.Rb3 Rc4 20.g4 Bf8 21.Ng3 Nxc2 22.Rxb7 Nd4
23.b3 Bc8 24.Rb6 Rc5 25.Nd5 Nd7 26.Rb4 Bg7 27.Rc1 Rd8 28.Rc3 Rxc3 29.Qxc3 Nc5
30.Rb8 Nc6 31.Ra8 Bd7 32.Rxd8+ Nxd8 33.b4 Ncb7 34.Nc7 Qa2 35.Nxa6 f5 36.exf5 d5
37.Qc7 Bb5 38.Nc5 Qc4 39.Bg5 Qxb4  1-0

[Event "Radulescu Memorial"]
[Site "Calimanesti"]
[Date "1999.??.??"]
[Round "8"]
[White "Cioara, Andrei Nestor"]
[Black "Nanu, Ciprian"]
[Result "1-0"]
[WhiteElo "2398"]
[BlackElo "2420"]

1.e4 g6 2.d4 Bg7 3.Nc3 d6 4.Nge2 Nf6 5.g3 Bg4 6.Bg2 Qc8 7.h3 Bd7 8.Be3 O-O
9.Qd2 e5 10.O-O-O Nc6 11.g4 exd4 12.Nxd4 Nxd4 13.Bxd4 Bc6 14.f4 Re8 15.Rhe1 Re7
16.g5 Nd7 17.Bxg7 Kxg7 18.h4 Qf8 19.h5 Kg8 20.Nd5 Bxd5 21.Qxd5 Nb6 22.Qb3 a5
23.hxg6 hxg6 24.a4 Qg7 25.Rh1 Rae8 26.Rh4 Rxe4 27.Bxe4 Rxe4 28.Rdh1 Kf8 29.Rh8+ Ke7
30.R8h7 Qf8 31.f5 Nc4 32.fxg6 Ke6 33.Rxf7 Qd8 34.Rf6+ Kd7 35.Qb5+  1-0

[Event "CUB-ch U20 Girls"]
[Site "Camaguey"]
[Date "1999.??.??"]
[Round "5"]
[White "Bosch, Jaqueline"]
[Black "Millan, Dania"]
[Result "1-0"]
[WhiteElo "2190"]
[BlackElo "2190"]

1.e4 d6 2.d4 g6 3.Nc3 Bg7 4.Be3 c6 5.Qd2 b5 6.h4 h5 7.f3 Nf6 8.O-O-O Qa5
9.Kb1 Nbd7 10.Nh3 O-O 11.Nf2 b4 12.Ne2 Nb6 13.Nc1 Be6 14.Nb3 Qa4 15.g4 Nc4
16.Bxc4 Bxc4 17.gxh5 Nxh5 18.Bh6 Rab8 19.Ng4 Rb6 20.Bxg7 Ra6 21.Qh6 Qxa2+
22.Kc1 Nxg7 23.h5 Bxb3 24.hxg6 fxg6 25.Qxg6 Rxf3 26.Rh7  1-0

[Event "Cannes"]
[Site "Cannes"]
[Date "1999.??.??"]
[Round "2"]
[White "Lamorelle, Julien"]
[Black "Tkachiev, Vladislav"]
[Result "0-1"]
[WhiteElo "2145"]
[BlackElo "2634"]

1.e4 g6 2.d4 Bg7 3.Nc3 d6 4.g3 Nc6 5.Nge2 Bg4 6.Be3 Bf3 7.Rg1 Nf6 8.Bg2 Bxg2
9.Rxg2 O-O 10.h3 b5 11.Qd3 a6 12.f4 Na5 13.g4 Nc4 14.Bc1 c5 15.b3 Nb6 16.Bb2 Nfd7
17.d5 c4 18.Qg3 Nc5 19.Qe3 b4 20.Nd1 c3 21.Bc1 e6 22.dxe6 fxe6 23.Nf2 Qh4
24.Qg3 Qxg3 25.Rxg3  0-1

[Event "Cannes op"]
[Site "Cannes"]
[Date "1999.??.??"]
[Round "2"]
[White "Sorin, Maxime"]
[Black "Chatalbashev, Boris"]
[Result "0-1"]
[WhiteElo "2208"]
[BlackElo "2524"]

1.e4 g6 2.d4 Bg7 3.Nc3 d6 4.f4 Nf6 5.Nf3 O-O 6.Bd3 Na6 7.O-O c5 8.d5 Rb8
9.Qe1 Nb4 10.Qh4 e6 11.dxe6 fxe6 12.Ng5 Nxd3 13.cxd3 h6 14.Nf3 Bd7 15.e5 Nd5
16.Qg3 Nxc3 17.bxc3 Kh7 18.exd6 Bxc3 19.Ne5 Be8 20.Rb1 Qxd6 21.Ba3 g5 22.Bc1 Bd4+
23.Be3 gxf4  0-1

[Event "Cannes"]
[Site "Cannes"]
[Date "1999.??.??"]
[Round "3"]
[White "Mohebbi, Jafar"]
[Black "Chatalbashev, Boris"]
[Result "1-0"]
[WhiteElo "2325"]
[BlackElo "2524"]

1.d4 g6 2.e4 Bg7 3.Nc3 d6 4.f4 Nf6 5.Nf3 O-O 6.e5 dxe5 7.dxe5 Qxd1+ 8.Kxd1 Nh5
9.Bd3 Nc6 10.Ke2 f6 11.exf6 exf6 12.Kf2 Bg4 13.Nd5 Rad8 14.Nxc7 Kh8 15.f5 Bxf3
16.gxf3 Nd4 17.Ne6 Nxe6 18.fxe6 Rfe8 19.Re1 Bf8 20.Bb5 Bc5+ 21.Be3 Rd2+ 22.Kg1 Bxe3+
23.Rxe3 Re7 24.Ba4 Nf4 25.Bb3 Kg7 26.a4 f5 27.a5 Kf6 28.a6 b6 29.Ra4 g5 30.h4 h6
31.Kf1  1-0

[Event "Cannes"]
[Site "Cannes"]
[Date "1999.??.??"]
[Round "3"]
[White "Nezar, Mustapha"]
[Black "Tkachiev, Vladislav"]
[Result "0-1"]
[WhiteElo "2275"]
[BlackElo "2634"]

1.e4 g6 2.d4 Bg7 3.Nc3 d6 4.g3 Nc6 5.Be3 e5 6.dxe5 Nxe5 7.h3 Ne7 8.f4 N5c6
9.Nge2 f5 10.Bg2 fxe4 11.Bxe4 O-O 12.Bg2 Be6 13.O-O Qd7 14.Kh2 Rad8 15.Nd4 Nxd4
16.Bxd4 Nf5 17.Bf2 d5 18.Qd2 d4 19.Ne4 Bd5 20.Nc5 Qc6 21.Bxd5+ Qxd5 22.Nd3 Rfe8
23.Rae1 Qxa2 24.Rxe8+ Rxe8 25.Re1  0-1

[Event "Cannes op"]
[Site "Cannes"]
[Date "1999.??.??"]
[Round "4"]
[White "Szylar, Eric"]
[Black "Chatalbashev, Boris"]
[Result "0-1"]
[WhiteElo "2139"]
[BlackElo "2524"]

1.e4 g6 2.d4 Bg7 3.Nc3 d6 4.Be3 a6 5.a4 Nf6 6.Nf3 O-O 7.h3 b6 8.Bd3 Bb7 9.O-O Nbd7
10.Qd2 e5 11.Bh6 Nh5 12.Bxg7 Kxg7 13.g3 exd4 14.Nxd4 Re8 15.Rfe1 Nc5 16.Re2 Qf6
17.Qe3 Re7 18.Rae1 Rae8 19.b4 Nd7 20.Bc4 Ne5 21.Nd5 Bxd5 22.Bxd5 c5 23.bxc5 dxc5  0-1

[Event "Cannes op"]
[Site "Cannes"]
[Date "1999.??.??"]
[Round "8"]
[White "Lukasiewicz, Grzegorz"]
[Black "Mrdja, Milan"]
[Result "0-1"]
[WhiteElo "2362"]
[BlackElo "2410"]

1.d4 g6 2.e4 Bg7 3.Nc3 d6 4.Be3 c6 5.Qd2 Qa5 6.Bc4 Nd7 7.Bb3 Ngf6 8.f3 O-O
9.h4 h5 10.Nh3 c5 11.dxc5 Nxc5 12.O-O-O Nxb3+ 13.cxb3 Bxh3 14.Rxh3 Rfc8 15.Kb1 Nd7
16.Nd5 Qxd2 17.Bxd2 Kf8 18.f4 e6 19.Nc3 a6 20.Be3 Bxc3 21.bxc3 Nf6 22.Rxd6 Nxe4
23.Rd7 Nxc3+ 24.Kb2 b5 25.Bc5+ Rxc5 26.Rxc3 Rxc3 27.Kxc3 Rc8+ 28.Kd2 Rc6
29.Ra7 b4 30.Ra8+ Ke7 31.Ra7+ Kf6 32.Kd1 Rc3  0-1

[Event "Ceske Budejovice op"]
[Site "Ceske Budejovice"]
[Date "1999.??.??"]
[Round "2"]
[White "Rehorek, Martin"]
[Black "Birkenmaier, Rainer"]
[Result "1-0"]
[WhiteElo "2285"]
[BlackElo "2175"]

1.e4 g6 2.d4 Bg7 3.Nc3 d6 4.Be3 Nf6 5.f3 Nbd7 6.Qd2 e5 7.d5 O-O 8.O-O-O Ne8
9.h4 f5 10.Bg5 Bf6 11.exf5 gxf5 12.g4 Bxg5 13.hxg5 Ng7 14.gxf5 Nxf5 15.Ne4 Rf7
16.g6 hxg6 17.Ng5 Re7  1-0

[Event "Ceske Budejovice op"]
[Site "Ceske Budejovice"]
[Date "1999.??.??"]
[Round "3"]
[White "Dolezal, Jiri"]
[Black "Kratochvil, Milos"]
[Result "1-0"]
[WhiteElo "2235"]
[BlackElo "2105"]

1.e4 g6 2.d4 Bg7 3.Nc3 d6 4.Nf3 Nf6 5.Bg5 c6 6.Qd2 b5 7.Bd3 a6 8.O-O-O Qa5
9.Kb1 Be6 10.b3 Qc7 11.Rhe1 O-O 12.h3 a5 13.Bh6 b4 14.Ne2 c5 15.Bxg7 Kxg7
16.Nf4 Bc8 17.e5 dxe5 18.dxe5 Ng8 19.e6 Nc6 20.exf7 Rxf7 21.Nd5 Qd6 22.Nb6 Rb8
23.Nxc8 Rxc8 24.Ng5 Rf6 25.Ne4 Qd4 26.Nxf6 Qxf6 27.Qe3 a4 28.Qxc5 a3 29.c3 bxc3
30.Bc2 Rb8 31.Re3 Nb4 32.Qxc3 Rc8 33.Qxf6+ Nxf6 34.Be4 e5 35.f3 Kf7 36.Re2 Ke6
37.Red2 Rc5 38.Rc1 Ra5 39.Rc4 Nbd5 40.Rc6+ Ke7 41.Bxd5 Nxd5 42.Kc1 Kd7 43.Rc4 Ke6
44.Re2 Kd6 45.Kd1 Nf4 46.Rd2+ Nd5 47.Ke1 Ke6 48.Kf2 Kd6 49.Ra4 Rxa4 50.bxa4 Kc5
51.Rd3  1-0

[Event "Clichy Evaluation 3"]
[Site "Clichy"]
[Date "1999.??.??"]
[Round "2"]
[White "Guilbert, H."]
[Black "Royer, Sylvain"]
[Result "1-0"]
[WhiteElo "2030"]
[BlackElo "2275"]

1.e4 g6 2.d4 Bg7 3.Nc3 d6 4.f4 Nc6 5.Be3 Nf6 6.Nf3 O-O 7.e5 Ng4 8.Bg1 dxe5
9.dxe5 Bf5 10.h3 Nh6 11.g4 Be6 12.Qe2 Qc8 13.f5 Bxf5 14.gxf5 Nxf5 15.Bf2 Qe6
16.O-O-O Nxe5 17.Bg2 Nc4 18.Nd4 Bh6+ 19.Kb1 Qxe2 20.Ndxe2 Nfe3 21.Bxe3 Nxe3
22.Rdg1 c6 23.h4 Rad8 24.Be4 f5 25.Bd3 e5 26.Ng3 Bg7 27.h5 e4 28.Be2 Rd2
29.hxg6 hxg6 30.Nd1 Bd4 31.Nxe3 Bxe3 32.Bc4+ Rd5 33.Bxd5+ cxd5 34.Rd1 d4
35.Nf1 f4 36.Nxe3 fxe3  1-0

[Event "Clichy Evaluation 3"]
[Site "Clichy"]
[Date "1999.??.??"]
[Round "4"]
[White "Guilbert, H."]
[Black "Borzakian, Manouk"]
[Result "1-0"]
[WhiteElo "2030"]
[BlackElo "2055"]

1.e4 g6 2.d4 Bg7 3.Nc3 d6 4.f4 c6 5.Nf3 Bg4 6.Be3 Qb6 7.Qd2 Bxf3 8.gxf3 Nd7
9.O-O-O Qa5 10.Kb1 b5 11.h4 Rb8 12.e5 Nh6 13.Bh3 Nb6 14.f5 b4 15.Ne2 Nd5
16.Ka1 Nxe3 17.Qxe3 dxe5 18.h5 Nxf5 19.Bxf5 gxf5 20.Qg5 Bf6 21.Qxf5 Qb5 22.Rhe1 exd4
23.Qxf6 exf6 24.Nxd4+ Kf8 25.Nxb5 Rxb5 26.Rd8+ Kg7 27.h6+  1-0

[Event "Clichy Evaluation 3"]
[Site "Clichy"]
[Date "1999.??.??"]
[Round "4"]
[White "Adda, O."]
[Black "Royer, Sylvain"]
[Result "1/2-1/2"]
[WhiteElo "2100"]
[BlackElo "2275"]

1.e4 g6 2.d4 Bg7 3.Nc3 d6 4.Bg5 c6 5.f4 Qb6 6.e5 Qxb2 7.Nge2 Nh6 8.Rb1 Qa3
9.Ne4 Nf5 10.Rb3 Qa5+ 11.N2c3 h6 12.Bxe7 Kxe7 13.g4 Nh4 14.Nxd6 Rd8 15.Bh3 Kf8
16.Nxc8 Rxc8 17.O-O c5 18.Ne4 cxd4 19.Qxd4 Rd8 20.Qf2 Nc6 21.Qxh4 Nd4 22.Rxb7 Qd5
23.Qe7+ Kg8 24.Bg2 Rab8 25.Nd6 Qxa2 26.Rxa7 Qe6 27.Qxf7+ Qxf7 28.Nxf7 Ne2+
29.Kh1 Rd2 30.f5 g5 31.f6 Bf8 32.e6 Nf4 33.Be4 Nxe6 34.Ne5 Nf4 35.Rh7 Bd6
36.Nd7 Rf8 37.Nxf8 Kxf8 38.Bf5 Nh3 39.Rh8+ Kf7 40.Rh7+ Kf8 41.Rh8+  1/2-1/2

[Event "Creon op"]
[Site "Creon"]
[Date "1999.??.??"]
[Round "?"]
[White "Le Roy, Brice"]
[Black "Olarasu, Gabriela"]
[Result "0-1"]
[WhiteElo "2068"]
[BlackElo "2333"]

1.e4 g6 2.d4 Bg7 3.Nc3 d6 4.Be3 a6 5.Bd3 Nc6 6.Nge2 b5 7.Qd2 e5 8.d5 Nb4
9.f3 Bh6 10.Bxh6 Qh4+ 11.g3 Qxh6 12.f4 f5 13.O-O-O Nf6 14.Kb1 O-O 15.h3 Nxd3
16.cxd3 b4 17.Na4 fxe4 18.d4 exf4 19.Nxf4 a5 20.b3 Bb7 21.Qc2 Rf7 22.Rhf1 g5
23.Ne6 Bxd5 24.Rxf6 Qxf6 25.Nxc7 Rxc7 26.Qxc7 e3 27.Qc2 Re8 28.Qe2 Bf3 29.Qc4+ d5
30.Qb5 Qg6+  0-1

[Event "CUB-ch (Women)"]
[Site "CUB"]
[Date "1999.??.??"]
[Round "?"]
[White "Pina, Sulennis"]
[Black "De Armas, Asela"]
[Result "1-0"]
[WhiteElo "2241"]
[BlackElo "2175"]

1.e4 g6 2.d4 Bg7 3.Nc3 d6 4.f4 Nc6 5.Nf3 Bg4 6.Be3 e5 7.fxe5 dxe5 8.d5 Nd4
9.Be2 Bxf3 10.Bxf3 c5 11.O-O Ne7 12.Na4 b6 13.Be2 Qd7 14.b3 O-O 15.c3 Nxe2+
16.Qxe2 f5 17.Bg5 Nc8 18.exf5 gxf5 19.Rad1 Nd6 20.Qh5 Qf7 21.Qh4 Bf6 22.Rf3 Bxg5
23.Qxg5+ Kh8 24.Nb2 Rg8 25.Qe3 e4 26.Rf4 Qh5 27.Rd2 Rg6 28.Rdf2 Rag8 29.b4 Nc4
30.Nxc4 Qd1+ 31.Rf1 Rxg2+ 32.Kh1 Qh5 33.h4 R2g3 34.R1f2 Rg1+ 35.Kh2 Qd1 36.Rf1 Rh1+
37.Rxh1  1-0

[Event "CZE-chT2 9899"]
[Site "CZE"]
[Date "1999.??.??"]
[Round "?"]
[White "Reznicek, Tomas"]
[Black "Moravec, Michal"]
[Result "1-0"]
[WhiteElo "2295"]
[BlackElo "2235"]

1.e4 d6 2.d4 g6 3.Nc3 Bg7 4.f4 Nf6 5.Nf3 O-O 6.Bd3 Nc6 7.d5 Nb4 8.Be2 e5
9.fxe5 dxe5 10.Bg5 h6 11.Bh4 g5 12.Bf2 Re8 13.Qd2 Bg4 14.a3 a5 15.h4 gxh4
16.O-O-O c6 17.d6 Na6 18.Be3 Re6 19.Nxh4 Bf8 20.Bxg4 Nxg4 21.Nf5 Nxe3 22.Qxe3 Qg5
23.Qxg5+ hxg5 24.Rh5 Rg6 25.Rdh1 f6 26.Rh8+ Kf7 27.R1h7+  1-0

[Event "CZE-chT2 9899"]
[Site "CZE"]
[Date "1999.??.??"]
[Round "?"]
[White "Reznicek, Tomas"]
[Black "Cesal, Jaroslav"]
[Result "1-0"]
[WhiteElo "2295"]
[BlackElo "2320"]

1.e4 g6 2.d4 Bg7 3.Nc3 d6 4.Be2 Nc6 5.Nf3 Bg4 6.Be3 e5 7.dxe5 dxe5 8.Qxd8+ Rxd8
9.Nd5 Rd7 10.Bb5 f5 11.Bxc6 bxc6 12.Nc3 Ne7 13.Nd2 fxe4 14.Bxa7 e3 15.Nde4 exf2+
16.Bxf2 O-O 17.O-O Nd5 18.Bc5 Rf4 19.a4 Nxc3 20.Nxc3 Rxf1+ 21.Rxf1 Rd8 22.Ne4 Bf5
23.Re1 Rd5 24.b4 Bc8 25.Nc3 Rd8 26.Rd1 Re8 27.Ne4 Bf5 28.Re1 Rd8 29.Kf2 Bf8
30.Bxf8 Rxf8 31.Kg3 Rd8 32.Nc5 Rd4 33.c3 Rg4+ 34.Kf2 Rf4+ 35.Kg1 Bc2 36.Rxe5 Rf8
37.a5 Kf7 38.Re2 Bf5 39.a6 Ra8 40.Kf2 Bc8 41.Ra2 Ra7 42.Ra1 Kf6 43.Ke3 Ke5
44.Rd1 Be6 45.Rd4 Bd5 46.g3 Ra8 47.c4 Bg2 48.Rd7 Bf1 49.Re7+ Kf6 50.Rxc7 Bxc4
51.Rxc6+ Kf5 52.Ne4 Bxa6 53.b5 Bxb5 54.Rc5+ Ke6 55.Rxb5 Ra2 56.h4 h6 57.Kf4 Ra1
58.Rb6+ Kf7 59.Rb7+ Kf8 60.Rh7 Ra4 61.h5 g5+ 62.Kf5 Ra5+ 63.Kg6  1-0

[Event "CZE-chT2 9899"]
[Site "CZE"]
[Date "1999.??.??"]
[Round "?"]
[White "Roj, Miroslav"]
[Black "Cesal, Jaroslav"]
[Result "1-0"]
[WhiteElo "2180"]
[BlackElo "2320"]

1.e4 g6 2.d4 Bg7 3.Nc3 d6 4.Be3 c6 5.Qd2 Qa5 6.Bd3 Nd7 7.Nf3 Ngf6 8.Bh6 O-O
9.Bxg7 Kxg7 10.h3 e5 11.O-O Re8 12.Rfe1 Nf8 13.Rad1 Ne6 14.Bf1 Bd7 15.dxe5 dxe5
16.Qd6 Nf8 17.b4 Qa3 18.Re3 Re6 19.Qc5 b6 20.Qc4 a5 21.Nd5 cxd5 22.exd5 Qa4
23.dxe6 Bxe6 24.Qc7 e4 25.Ng5 Qxb4 26.Qe5 Qc5 27.Qxf6+ Kxf6 28.Nxe4+ Kg7
29.Nxc5 bxc5 30.Ra3 Nd7 31.Bb5 Nb6 32.Rd6 Rb8 33.Rxa5 Kf6 34.Rc6 c4 35.a4 Nd7
36.f4 Rb7 37.Bxc4 Rb1+ 38.Kh2 h5 39.Bxe6 fxe6 40.Ra7  1-0

[Event "CZE-chT 9899"]
[Site "CZE"]
[Date "1999.??.??"]
[Round "5"]
[White "Vavra, Pavel"]
[Black "Voloshin, Leonid"]
[Result "0-1"]
[WhiteElo "2340"]
[BlackElo "2420"]

1.e4 g6 2.d4 Bg7 3.Nc3 d6 4.Be3 a6 5.Qd2 b5 6.f3 Nd7 7.g4 h5 8.g5 e6 9.f4 Ne7
10.Bd3 Bb7 11.Nf3 c5 12.d5 O-O 13.dxe6 fxe6 14.O-O-O d5 15.exd5 exd5 16.Be4 dxe4
17.Qxd7 Qxd7 18.Rxd7 exf3 19.Rxb7 Nf5 20.Bxc5 Rfc8 21.Ne4 Rc6 22.Rb6 Rxb6
23.Bxb6 Re8 24.Re1 Nd6 25.Nf6+ Bxf6 26.Rxe8+ Nxe8 27.gxf6 Nxf6 28.Kd2 Kf7
29.Ba7 Nd5 30.Ke1 Ke6 31.Kf2 Nb4 32.c3 Nd3+ 33.Kxf3 Nxb2 34.Ke4 Nc4 35.Kd4 Nd2
36.Kc5 Ne4+ 37.Kb6 Nxc3 38.Kxa6 b4 39.Ka5 Nxa2 40.Ka4 Kf5 41.Bb8 Ke4 42.Kb3 Nc3
43.Kxb4 Nd5+ 44.Kb3 h4 45.Kc2 h3 46.Kd2 Kf3 47.Ke1 Ne3 48.Ba7 Ng4 49.Kf1 Nxh2+
50.Kg1 Ng4 51.Bb8 Ne3 52.Kh2 Kg4 53.Ba7 Nd5 54.Bf2 Nxf4 55.Bc5 Ne6 56.Bd6 Ng5
57.Bc7 Nf3+ 58.Kh1 Kf5 59.Bd6 Ke4 60.Bc7 g5 61.Bb8 g4 62.Bc7 Nd2 63.Bb8 Kf3
64.Kh2 Nf1+ 65.Kg1 g3 66.Kh1 g2+  0-1

[Event "Moravia-chT 9899"]
[Site "CZE"]
[Date "1999.??.??"]
[Round "7"]
[White "Blatny, Frantisek"]
[Black "Keprt, Pavel"]
[Result "1-0"]
[WhiteElo "2305"]
[BlackElo "2220"]

1.e4 g6 2.d4 Bg7 3.Nc3 d6 4.Be3 Nc6 5.Qd2 e5 6.Nge2 exd4 7.Nxd4 Nxd4 8.Bxd4 Nf6
9.Be2 O-O 10.O-O-O a5 11.h4 a4 12.a3 Re8 13.h5 Bd7 14.hxg6 hxg6 15.f4 Bc6
16.Bf3 Bxe4 17.Nxe4 Rxe4 18.Bxe4 Nxe4 19.Qe3 Nf6 20.f5 Ng4 21.Bxg7 Kxg7 22.Qf4 Ne5
23.f6+ Kg8 24.Rh8+  1-0

[Event "CZE-chT 9899"]
[Site "CZE"]
[Date "1999.??.??"]
[Round "8"]
[White "Hajek, Michal"]
[Black "Pastircak, Milan"]
[Result "1/2-1/2"]
[WhiteElo "2310"]
[BlackElo "2370"]

1.e4 g6 2.Nc3 Bg7 3.d4 d6 4.Nf3 Nf6 5.g3 O-O 6.Bg2 Bg4 7.h3 Bxf3 8.Bxf3 Nc6
9.Be3 e5 10.d5 Ne7 11.g4 c6 12.g5 Ne8 13.Qd2 Nc7 14.dxc6 bxc6 15.O-O-O d5
16.exd5 cxd5 17.Nxd5 Ncxd5 18.Bxd5 Nxd5 19.Qxd5 Qc7 20.Qd6 Qc4 21.Qd5 Qc7
22.Qd6 Qc4 23.Qd5  1/2-1/2

[Event "Moravia-chT 9899"]
[Site "CZE"]
[Date "1999.??.??"]
[Round "10"]
[White "Karlik, Vladimir"]
[Black "Antoniewski, Rafal"]
[Result "1/2-1/2"]
[WhiteElo "2320"]
[BlackElo "2435"]

1.d4 d6 2.e4 g6 3.Nc3 Bg7 4.Be2 Nf6 5.Nf3 O-O 6.h3 c6 7.a4 a5 8.O-O Na6 9.Be3 Nb4
10.Qd2 Re8 11.Rad1 Qc7 12.Bc4 d5 13.exd5 Nbxd5 14.Nxd5 cxd5 15.Bb3 Ne4 16.Qc1 Be6
17.Bf4 Qb6 18.Qe3 Rac8 19.Rfe1 Qb4 20.Ng5 Nxg5 21.Bxg5 b5 22.Qd2 Qxd2 23.Rxd2 b4
24.Bf4 Rc6 25.Be5 Bh6 26.Rde2 Rec8 27.g4 Bg5 28.Kg2 Bd7 29.Bxd5 Rxc2 30.Bb3 Rxe2
31.Rxe2 Bc1 32.d5 Kf8 33.Bd4 Bf4 34.Kf3 Bd6 35.Bb6 Rc1 36.Kg2 Ra1 37.Bxa5 Bxa4
38.Bxa4 Rxa4 39.Bb6 f5 40.gxf5 gxf5 41.Bd4 Ra5 42.Rd2 Kf7 43.Be3 Ra1 44.Bd4 Rc1
45.Bh8 Kg6 46.Bd4 Kh5 47.Bb6 Rc8 48.Rd3 Rc2 49.Bd4 Kg6 50.Kf3 Rc4 51.Be3 Rh4
52.Kg2 f4 53.Bd2 Kf5 54.f3 Ke5 55.Rb3 Kxd5 56.Bxb4 Kc4 57.Be1 Kxb3 58.Bxh4 Kxb2
59.Kf2 Kc3 60.Ke2 Kd4 61.Be1 Ke5 62.Bc3+ Kf5 63.Bd2 e6 64.Ba5 e5 65.Bd2 e4
66.fxe4+ Kxe4 67.Bxf4 Kxf4  1/2-1/2

[Event "EU-ch Union SCIPT"]
[Site "DEN"]
[Date "1999.??.??"]
[Round "2"]
[White "Puschmann, Laszlo"]
[Black "Urban, Klaudiusz"]
[Result "0-1"]
[WhiteElo "2285"]
[BlackElo "2460"]

1.d4 g6 2.e4 Bg7 3.Nc3 d6 4.Be3 a6 5.Be2 Nd7 6.Qd2 b5 7.f4 Bb7 8.Bf3 e5 9.Nge2 Ngf6
10.fxe5 dxe5 11.d5 O-O 12.O-O c6 13.dxc6 Bxc6 14.a3 Qc7 15.Ng3 Nb6 16.Qf2 Nfd7
17.Rad1 Na4 18.Nxa4 bxa4 19.c4 Rab8 20.Rd2 Qb7 21.Rfd1 Rfe8 22.Ne2 Nf8 23.Nc3 Ne6
24.Nd5 Nd4 25.Bxd4 exd4 26.Qh4 a5 27.h3 Re6 28.Kh1 Qa7 29.Rc2 Qc5 30.Nc7 Qe7
31.Qxe7 Rxe7 32.Nd5 Reb7 33.Rdd2  0-1

[Event "EU-ch Union SCIPT"]
[Site "DEN"]
[Date "1999.??.??"]
[Round "7"]
[White "Jurcisin, Imrich"]
[Black "Urban, Klaudiusz"]
[Result "0-1"]
[WhiteElo "2035"]
[BlackElo "2460"]

1.e4 g6 2.d4 Bg7 3.Nc3 d6 4.Nf3 Nf6 5.Bf4 O-O 6.Be2 c5 7.dxc5 dxc5 8.O-O Nc6
9.h3 Nd4 10.Bc4 Nd7 11.a3 Nb6 12.Ba2 Bd7 13.Nd5 Rc8 14.Ne5 Ba4 15.Rc1 e6
16.Nxb6 Qxb6 17.b3 Bb5 18.c4 Be8 19.Qd3 Rd8 20.Rfd1 f6 21.Nf3 e5 22.Bd2 Bc6
23.b4 Ba4 24.bxc5 Qc7 25.Qe3 Bxd1 26.Rxd1 Nxf3+ 27.Qxf3 Qd7 28.c6 bxc6 29.Bb1 Bh6  0-1

[Event "Dresden op"]
[Site "Dresden"]
[Date "1999.??.??"]
[Round "?"]
[White "Cohrs, Christopher"]
[Black "Thiede, Lars"]
[Result "0-1"]
[WhiteElo "2205"]
[BlackElo "2385"]

1.e4 g6 2.d4 Bg7 3.Nc3 d6 4.f4 a6 5.Be3 Nd7 6.Nf3 b5 7.Qd2 Ngf6 8.a3 Bb7
9.e5 Ng4 10.Bg1 c5 11.e6 fxe6 12.Ng5 cxd4 13.Bxd4 Bxd4 14.Qxd4 e5 15.fxe5 Ngxe5
16.a4 bxa4 17.Rxa4 Nf6 18.Nce4 Nxe4 19.Nxe4 Bc6 20.Ra3 Bxe4 21.Qxe4 O-O 22.Bxa6 Kh8
23.Rf1 Qb6 24.Be2 Rxf1+ 25.Bxf1 Rf8 26.Be2 Qxb2 27.Ra7 Qc3+ 28.Kd1 Rb8 29.Ra8 Rxa8
30.Qxa8+ Kg7 31.Qe4 Qc6 32.Qh4 Qd5+ 33.Kc1 Qe6 34.Qd4 Qf6 35.Bb5 g5 36.Kd1 Ng6
37.Qd5 Nf4 38.Qb7 Qe5 39.Bc6 Ne2 40.Qa8 Nd4 41.Be4 Ne6 42.h3 Nc7 43.Qc6 Nb5
44.Bd3 Nc3+ 45.Kc1 d5 46.Qd7 d4 47.Qg4 Qf4+ 48.Qxf4 gxf4 49.Kd2 e5 50.Bf5 h6
51.Kd3 Kf6 52.Bd7 Kg5 53.Bc6 Kh4 54.Ba8 Kg3 55.Bc6 h5 56.Ba8 h4 57.Bc6 e4+
58.Kxd4 e3  0-1

[Event "Dresden op"]
[Site "Dresden"]
[Date "1999.??.??"]
[Round "?"]
[White "Gerstner, Wolfgang"]
[Black "Thiede, Lars"]
[Result "1/2-1/2"]
[WhiteElo "2400"]
[BlackElo "2385"]

1.d4 g6 2.e4 Bg7 3.Nc3 d6 4.Be3 a6 5.a4 Nf6 6.h3 O-O 7.Nf3 Nc6 8.a5 Nd7 9.Be2 e5
10.Bg5 Bf6 11.Bxf6 Nxf6 12.d5 Ne7 13.Nd2 Ne8 14.O-O f5 15.f4 exf4 16.Rxf4 g5
17.Rf2 f4 18.Nc4 Ng7 19.e5 dxe5 20.Nxe5 Nef5 21.Bc4 Ne3 22.d6+ Be6 23.Bxe6+ Nxe6
24.Qh5 Ng7 25.Qf3 Qxd6 26.Ng4 Ngf5 27.Ne4 Qe7 28.Ngf6+ Rxf6 29.Nxf6+ Qxf6
30.Qxb7 Rf8 31.c3 Ng3 32.Re1 Qd6 33.b4 Rf6 34.b5 axb5 35.Qxb5 h6 36.Ra1 Qa6
37.Qb8+ Rf8 38.Qxc7 g4 39.Rb1 Ne2+ 40.Kh1 Ng3+ 41.Kh2 Ne2 42.Kh1 g3 43.Rf3 Qd3
44.Qb6 Qe4 45.Re1 Qd3 46.a6 Qd2 47.Qg6+ Kh8 48.Qxh6+ Kg8 49.Qg6+ Kh8  1/2-1/2

[Event "Dresden op"]
[Site "Dresden"]
[Date "1999.??.??"]
[Round "?"]
[White "Negele, M."]
[Black "Thiede, Lars"]
[Result "0-1"]
[WhiteElo "2205"]
[BlackElo "2385"]

1.e4 g6 2.d4 Bg7 3.Nc3 d6 4.f4 a6 5.Nf3 Nd7 6.Bd3 c5 7.d5 b5 8.O-O Nb6 9.Qe1 Nf6
10.Ng5 b4 11.e5 bxc3 12.exf6 Bxf6 13.bxc3 h6 14.Ne4 Bg7 15.Qg3 Nxd5 16.f5 g5
17.Bc4 Nf6 18.Qf3 Rb8 19.Nxf6+ Bxf6 20.Bd5 Qc7 21.Qh5 Rh7 22.h4 gxh4 23.Qg4 Rg7
24.Qf3 Bb7 25.Bxh6 Rg3 26.Bxb7 Qxb7 27.Qxb7 Rxb7 28.Rab1 Rxb1 29.Rxb1 h3  0-1